000 00420nam a2200169Ia 4500
999 _c31821
_d31821
003 OSt
005 20250522153006.0
008 250310s9999||||xx |||||||||||||| ||und||
020 _a0-09-976601-9
040 _c.
082 _a823.914
_bR953
100 _95778
_aRushdie, Salman
245 0 _aThe ground beneath her feet /
_cSalman Rushdie
260 _aLondon :
_bVintage,
_c2000.
300 _a575 p.
942 _cBK
_2ddc